Can a Voluntary Web Survey Be Useful Beyond Explorative Research?

Porovnanie odhadu determinantov zárobkov na základe nepravdepodobného webového prieskumu WageIndicator s prieskumami založenými na široko používanom, reprezentatívnom prieskume štúdie EÚ o príjmoch a životných podmienkach.

Salvato in:
Dettagli Bibliografici
Autore principale: Kahanec, Martin, 1977-
Altri autori: Fabo, Brian
Natura: Capitolo di libro
Soggetti:
Tags: Aggiungi Tag
Nessun Tag, puoi essere il primo ad aggiungerne!!

MARC

LEADER 00000nla a2200000 4500
001 0245454
005 20250108092015.2
044 |a GB 
245 1 0 |a Can a Voluntary Web Survey Be Useful Beyond Explorative Research?  |c Martin Kahanec, Brian Fabo 
520 |a Porovnanie odhadu determinantov zárobkov na základe nepravdepodobného webového prieskumu WageIndicator s prieskumami založenými na široko používanom, reprezentatívnom prieskume štúdie EÚ o príjmoch a životných podmienkach. 
610 2 0 |a prieskum 
610 2 0 |a prieskum informačný 
610 2 0 |a prieskum trhu 
610 2 0 |a dáta 
610 2 0 |a internet 
610 2 0 |a výskum 
610 2 0 |a výskum vedecký 
100 1 |a Kahanec, Martin, 1977- 
700 1 |a Fabo, Brian